000 00326nam a2200133Ia 4500
008 191201s2005 xx 000 0 und d
100 _aROBINSON, David
245 4 _aThe Sunday Times Business Etiquette
250 _a2nd
260 _aN.Delhi
_bKogan Page India
_c2005
300 _a124
650 _aApplied
942 _2ddc
_cBK
999 _c2056
_d2056